LEADER 01060nam a2200241 i 4500 001 000000222660 003 CaOOAMICUS 005 20130923000000.0 008 130923s2004 it u000 u ita u 013 $a201557 040 $aSeMil$bita 245 10$aPadre Daniele nel ricordo dei samaratesi /$ca cura di Clelia Ponti Marchesini e Gianfilippo Marchesini. 260 $aSamarate :$b[s.n.],$c2004. 300 $a83 p. :$bill. ;$c28 cm. 490 0 $aI libri di Samarate ;$v74 600 04$aDa Samarate, Daniele .$0(OLS)http://semarc/subject/9397 700 1 $aMarchesini, Gianfilippo.$0(OLS)http://semarc/name/77740 700 1 $aPonti Marchesini, Clelia.$0(OLS)http://semarc/name/77739 830 2$aI libri di Samarate ;$v74.$0(OLS)http://semarc/title/9393 850 $aSeMil 852 $aSeMil$W1$xVenegono$y1$m5D VII 19/15$j173006$B173006$CSeMilBibl$Z2$F183331 $81 996 $6245$aPadre Daniele nel ricordo dei samaratesi$9(OLS)http://semarc/title/319210 996 $6260$aSamarate :$b[s.n.]$9(OLS)http://semarc/publisher/45314 LEADER 00949nam a2200217 i 4500 001 000000073600 003 CaOOAMICUS 005 20131021000000.0 008 131021s1836 it u000 u ita u 013 $a44772 040 $aSeMil$bita 100 1 $aSacchi, Defendente,$d<1796-1840>.$0(OLS)http://semarc/name/11807 245 14$aGli asili dell'infanzia :$bloro utilità ed ordinamento : memorie popolari italiane e tradotte /$cpubblicate per cura di Defendente Sacchi. 260 $aMilano :$bPresso Omobono Manini,$c1836. 300 $a174 p. ;$c18 cm. 850 $aSeMil 852 $aSeMil$W1$xVenegono$y1$m2R I 47 FA$j39752$B39752$CSeMilBibl$Z2$F39756 $8I 941 1 $a10 961 $aRecupero: Mantegazza 996 $6245$aGli asili dell'infanzia :$bloro utilità ed ordinamento : memorie popolari italiane e tradotte$9(OLS)http://semarc/title/118839 996 $6260$aMilano :$bPresso Omobono Manini$9(OLS)http://semarc/publisher/55856